[Event "Cornella de Llobregat op 8th"]
[Site "Cornella de Llobregat"]
[Date "2022.11.28"]
[Round "9"]
[White "Escandell Mari, Juan Carlos"]
[Black "Pautt Andrade, Jose Gregorio"]
[Result "0-1"]
[WhiteElo "2161"]
[BlackElo "2098"]
[PlyCount "86"]
[EventDate "2022.09.26"]
[EventType "swiss"]
[EventRounds "9"]
[EventCountry "ESP"]
[SourceTitle "EXT 2024"]
[Source "ChessBase"]
[SourceDate "2023.10.10"]
[SourceVersion "1"]
[SourceVersionDate "2023.10.10"]
[SourceQuality "1"]

1. e4 c6 2. d4 d5 3. e5 Bf5 4. c4 e6 5. Nc3 dxc4 6. Bxc4 Nd7 7. Nge2 Nb6 8. Bb3 h6 9. 0-0 Ne7 10. Be3 Ned5 11. Ng3 Bg6 12. Nce4 Qd7 13. Rc1 Be7 14. a3 Rd8 15. Qf3 Nc8 16. Nh5 0-0 17. Qg4 Bxh5 18. Qxh5 f5 19. Qg6 fxe4 20. Bxh6 Rf7 21. Bc2 Bf8 22. Bxe4 Rf5 23. Bxf5 exf5 24. Rfd1 Qf7 25. Qg3 Re8 26. f4 Ncb6 27. Bg5 Be7 28. Bxe7 Rxe7 29. Qf3 Re6 30. Rf1 Rh6 31. g3 Nd7 32. b4 a6 33. Kg2 Nf8 34. Rb1 Ne6 35. Rbd1 Qg6 36. Kh1 Rh3 37. Qf2 Qg4 38. Qf3 Qg6 39. Qf2 Qh6 40. Rfe1 Nc3 41. Rc1 Ne4 42. Rxe4 fxe4 43. Rc2 Nc7 0-1

[Event "Cornella de Llobregat op 8th"]
[Site "Cornella de Llobregat"]
[Date "2022.11.07"]
[Round "6"]
[White "Pautt Andrade, Jose Gregorio"]
[Black "Sanglas Clariana, Josep"]
[Result "1-0"]
[WhiteElo "2098"]
[BlackElo "2269"]
[PlyCount "103"]
[EventDate "2022.09.26"]
[EventType "swiss"]
[EventRounds "9"]
[EventCountry "ESP"]
[SourceTitle "EXT 2024"]
[Source "ChessBase"]
[SourceDate "2023.10.10"]
[SourceVersion "1"]
[SourceVersionDate "2023.10.10"]
[SourceQuality "1"]

1. Nf3 c5 2. g3 Nc6 3. Bg2 g6 4. c4 Bg7 5. Nc3 d6 6. d3 e5 7. a3 a5 8. 0-0 Nge7 9. Bg5 f6 10. Bd2 Be6 11. Rc1 0-0 12. Ne1 Rb8 13. Nc2 d5 14. cxd5 Nxd5 15. Nxd5 Bxd5 16. Bxd5+ Qxd5 17. Ne3 Qd6 18. Qb3+ Kh8 19. Nc4 Qd8 20. Qb6 Nd4 21. Rce1 Qxb6 22. Nxb6 Nb3 23. Bc3 Rfe8 24. a4 Re6 25. Nc4 b6 26. f3 Rd8 27. Rd1 Kg8 28. e3 Kf7 29. Kf2 Bh6 30. h4 Bg7 31. g4 h5 32. Kg3 f5 33. g5 Rde8 34. Kf2 Kg8 35. Rfe1 Rc6 36. Re2 Kf7 37. Rc2 Re7 38. Be1 f4 39. Re2 fxe3+ 40. Rxe3 Nd4 41. Bc3 Nf5 42. Re4 Rce6 43. Rde1 Nd4 44. Bxd4 cxd4 45. f4 exf4 46. Nd6+ Rxd6 47. Rxe7+ Kg8 48. R7e6 Rd5 49. Rxb6 Rc5 50. Rb8+ Kh7 51. Rb7 Rc2+ 52. Re2 1-0

[Event "Oranjestad Aruba Challenge op"]
[Site "Oranjestad"]
[Date "2016.10.09"]
[Round "6.1"]
[White "Mora Moron, Jose Ramon"]
[Black "Pautt Andrade, Jose Gregorio"]
[Result "1-0"]
[WhiteElo "2190"]
[BlackElo "2102"]
[PlyCount "42"]
[EventDate "2016.10.06"]
[EventType "swiss"]
[EventRounds "7"]
[EventCountry "ARN"]
[SourceTitle "EXT 2024"]
[Source "ChessBase"]
[SourceDate "2023.10.10"]
[SourceVersion "1"]
[SourceVersionDate "2023.10.10"]
[SourceQuality "1"]

1. e4 c6 2. d4 d5 3. exd5 cxd5 4. c4 Nf6 5. Nc3 Nc6 6. Bg5 dxc4 7. Bxc4 e6 8. Nf3 Be7 9. 0-0 a6 10. Rc1 0-0 11. Bb3 Nb4 12. Ne5 Bd7 13. Qe2 a5 14. a3 a4 15. Bc4 Nfd5 16. Rfd1 Be8 17. Qf3 Nxc3 18. Rxc3 b5 19. Bd3 Nd5 20. Bxh7+ Kh8 21. Bxe7 Qxe7 1-0

[Event "Oranjestad Aruba Challenge op"]
[Site "Oranjestad"]
[Date "2016.10.08"]
[Round "5.3"]
[White "Maduro, Sherman"]
[Black "Pautt Andrade, Jose Gregorio"]
[Result "0-1"]
[WhiteElo "2013"]
[BlackElo "2102"]
[PlyCount "100"]
[EventDate "2016.10.06"]
[EventType "swiss"]
[EventRounds "7"]
[EventCountry "ARN"]
[SourceTitle "EXT 2024"]
[Source "ChessBase"]
[SourceDate "2023.10.10"]
[SourceVersion "1"]
[SourceVersionDate "2023.10.10"]
[SourceQuality "1"]

1. e4 c6 2. d4 d5 3. Nc3 dxe4 4. Nxe4 Bf5 5. Ng3 Bg6 6. h4 h6 7. h5 Bh7 8. Nf3 Nd7 9. Bd3 Bxd3 10. Qxd3 e6 11. Bd2 Ngf6 12. c4 Be7 13. 0-0-0 a5 14. Bf4 a4 15. Qe2 Qa5 16. Bd2 Qa6 17. Ne5 Nxe5 18. dxe5 Nd7 19. Rhe1 Nb6 20. Bc3 Qxc4 21. Qxc4 Nxc4 22. Ne4 Nb6 23. Nd6+ Bxd6 24. exd6 0-0 25. Re4 Nd5 26. Rg4 f6 27. Rd3 Kf7 28. a3 b5 29. Bd4 c5 30. Bc3 Rad8 31. Rdg3 Rg8 32. Bd2 f5 33. Rg6 Nf6 34. Bf4 Nxh5 35. Be5 Nxg3 36. Rxg3 g6 37. Rh3 h5 38. f4 Rd7 39. Rc3 c4 40. Rc2 Rc8 41. Kd2 Rxd6+ 42. Bxd6 Rd8 43. Kc3 Rxd6 44. Kb4 Rd5 45. Re2 h4 46. Re3 Kf6 47. Rh3 g5 48. g3 hxg3 49. fxg5+ Kxg5 50. Rxg3+ Kf4 0-1

[Event "Oranjestad Aruba Challenge op"]
[Site "Oranjestad"]
[Date "2016.10.06"]
[Round "1.4"]
[White "Jacopucci, Enrique"]
[Black "Pautt Andrade, Jose Gregorio"]
[Result "0-1"]
[WhiteElo "1674"]
[BlackElo "2102"]
[PlyCount "70"]
[EventDate "2016.10.06"]
[EventType "swiss"]
[EventRounds "7"]
[EventCountry "ARN"]
[SourceTitle "EXT 2024"]
[Source "ChessBase"]
[SourceDate "2023.10.10"]
[SourceVersion "1"]
[SourceVersionDate "2023.10.10"]
[SourceQuality "1"]

1. d4 d5 2. c4 c6 3. Nf3 Nf6 4. Nc3 dxc4 5. e4 b5 6. a4 b4 7. Nb1 Ba6 8. Bd2 e6 9. Bg5 Be7 10. Bxf6 Bxf6 11. e5 Be7 12. Be2 c5 13. 0-0 Nc6 14. dxc5 Qxd1 15. Rxd1 Bxc5 16. Kf1 Ke7 17. Nbd2 Na5 18. Ne4 Rac8 19. Nd6 Rc6 20. Nd4 Bxd4 21. Rxd4 Nb3 22. Rf4 Nxa1 23. Rxf7+ Kd8 24. Rxa7 c3 25. bxc3 Bxe2+ 26. Kxe2 bxc3 27. Ra8+ Kd7 28. Ra7+ Rc7 29. Rxc7+ Kxc7 30. Nb5+ Kd7 31. Nxc3 Rc8 32. Kd3 Nb3 33. g3 Nc5+ 34. Kd4 Kc6 35. f4 Rd8+ 0-1

[Event "Caracas Hernandez Cup"]
[Site "Caracas"]
[Date "2014.10.09"]
[Round "2"]
[White "Pautt Andrade, Jose Gregorio"]
[Black "Marichal Gonzalez, Ariel"]
[Result "0-1"]
[WhiteElo "2109"]
[BlackElo "2330"]
[PlyCount "82"]
[EventDate "2014.10.08"]
[EventType "swiss"]
[EventRounds "9"]
[EventCountry "VEN"]
[SourceTitle "EXT 2016"]
[Source "ChessBase"]
[SourceDate "2015.10.08"]
[SourceVersion "1"]
[SourceVersionDate "2015.10.08"]
[SourceQuality "1"]

1. e4 c5 2. Nf3 d6 3. Bb5+ Nc6 4. 0-0 Bd7 5. Re1 a6 6. Bxc6 Bxc6 7. b3 Nf6 8. d3 g6 9. Bb2 Bg7 10. Nbd2 0-0 11. a4 b5 12. a5 Re8 13. Ra2 e5 14. c4 Nh5 15. Bc1 f5 16. exf5 gxf5 17. Nf1 Qd7 18. Nh4 Qf7 19. Ng3 Nxg3 20. fxg3 d5 21. Rf1 f4 22. cxb5 Bxb5 23. Rff2 Bf6 24. Nf5 Qe6 25. g4 Kh8 26. Rac2 c4 27. bxc4 Ba4 28. Bb2 dxc4 29. dxc4 Rad8 30. Qa1 Bxc2 31. Rxc2 Qd7 32. c5 Qc6 33. h4 Qe4 34. Rf2 Re6 35. Nd6 Rdxd6 36. cxd6 Bxh4 37. Rf3 Kg8 38. Qd1 Bd8 39. Bc3 Qc4 40. Qd3 Qc5+ 41. Kh2 e4 0-1

[Event "Caracas Bandes Cup 1st"]
[Site "Caracas"]
[Date "2014.03.04"]
[Round "7"]
[White "Pautt Andrade, Jose Gregorio"]
[Black "Ramos Caldera, Cesar"]
[Result "1/2-1/2"]
[WhiteElo "2112"]
[BlackElo "2017"]
[PlyCount "80"]
[EventDate "2014.03.01"]
[EventType "swiss"]
[EventRounds "7"]
[EventCountry "VEN"]
[SourceTitle "EXT 2018"]
[Source "ChessBase"]
[SourceDate "2017.10.13"]
[SourceVersion "1"]
[SourceVersionDate "2017.10.13"]
[SourceQuality "1"]

1. d4 Nf6 2. c4 e6 3. Nf3 b6 4. g3 Ba6 5. Qc2 Be7 6. Bg2 0-0 7. 0-0 c6 8. b3 d5 9. Rd1 Nbd7 10. Nbd2 c5 11. dxc5 bxc5 12. e3 Ng4 13. Bb2 Bf6 14. h3 Bxb2 15. Qxb2 Ngf6 16. Ne5 Qc7 17. Nxd7 Qxd7 18. Qa3 Qc6 19. Rac1 Rac8 20. Rc2 Qb6 21. Rdc1 dxc4 22. Nxc4 Bxc4 23. Rxc4 Nd7 24. Qb2 Rcd8 25. Kh2 Qd6 26. f4 h5 27. Qf2 g6 28. Bf3 Qe7 29. Bc6 Qf6 30. Bxd7 Rxd7 31. Rxc5 Rfd8 32. R1c2 Rd1 33. Rc8 Rxc8 34. Rxc8+ Kg7 35. e4 Qa1 36. Rc2 Rf1 37. Qg2 Qb1 38. Rd2 Re1 39. Re2 Rd1 40. Rf2 Re1 1/2-1/2

[Event "Caracas Bandes Cup 1st"]
[Site "Caracas"]
[Date "2014.03.03"]
[Round "5"]
[White "Pautt Andrade, Jose Gregorio"]
[Black "Palomo, Franklin Annervys"]
[Result "0-1"]
[WhiteElo "2112"]
[BlackElo "2233"]
[PlyCount "142"]
[EventDate "2014.03.01"]
[EventType "swiss"]
[EventRounds "7"]
[EventCountry "VEN"]
[SourceTitle "EXT 2018"]
[Source "ChessBase"]
[SourceDate "2017.10.13"]
[SourceVersion "1"]
[SourceVersionDate "2017.10.13"]
[SourceQuality "1"]

1. d4 Nf6 2. c4 g6 3. Nc3 Bg7 4. e4 d6 5. f3 0-0 6. Be3 e5 7. Nge2 Nc6 8. d5 Ne7 9. Qd2 c6 10. 0-0-0 cxd5 11. Nxd5 Nfxd5 12. cxd5 f5 13. Kb1 b5 14. Nc1 Bd7 15. Bd3 f4 16. Bf2 Bf6 17. Ne2 Qb8 18. Rc1 Rc8 19. Rxc8+ Nxc8 20. Rc1 Nb6 21. Rc2 Bd8 22. Nc1 a5 23. Qe2 Nc4 24. Nb3 a4 25. Nd2 Nxd2+ 26. Qxd2 Ba5 27. Qe2 b4 28. Rc1 b3 29. a3 Bb6 30. Qe1 Ba5 31. Qe2 Qb7 32. Qf1 Kf7 33. Qd1 Rc8 34. Rxc8 Qxc8 35. Qc1 Qb7 36. Qc4 Bd2 37. Be2 g5 38. Qd3 Ba5 39. Kc1 Bb6 40. Be1 Ba7 41. Ba5 Be3+ 42. Kd1 Qa7 43. Bc3 Bc5 44. h3 Qb8 45. Qa6 Ke7 46. Kc1 h5 47. Qc4 Kf6 48. Qd3 Ba7 49. Qa6 Qc7 50. Qa5 Bb6 51. Qb4 Bc5 52. Qc4 g4 53. hxg4 hxg4 54. Kd1 gxf3 55. Bxf3 Qb8 56. Qe2 Bb5 57. Qe1 Qh8 58. Bb4 Qh2 59. Bxc5 dxc5 60. Qf2 c4 61. Qb6+ Ke7 62. Qe6+ Kf8 63. Qf6+ Kg8 64. Qg6+ Kf8 65. Qf6+ Kg8 66. Qg6+ Kf8 67. Kd2 Qh4 68. Qd6+ Kg8 69. Qe6+ Kf8 70. Qxe5 Qf2+ 71. Kc3 Qe1+ 0-1